Invitation to world missions : (Record no. 9844)

MARC details
000 -LEADER
fixed length control field 02538cam a22002774a 4500
001 - CONTROL NUMBER
control field 15803489
003 - CONTROL NUMBER IDENTIFIER
control field GBCCL
005 - DATE AND TIME OF LATEST TRANSACTION
control field 20241126110720.0
008 - FIXED-LENGTH DATA ELEMENTS--GENERAL INFORMATION
fixed length control field 090706s2010 miu b 001 0 eng
010 ## -
-- 2009027471
020 ## - INTERNATIONAL STANDARD BOOK NUMBER
International Standard Book Number 9780825438837
040 ## - CATALOGING SOURCE
Original cataloging agency DLC
Transcribing agency DLC
Modifying agency DLC
050 00 -
-- BV2063
-- .T33 2010
082 00 - DEWEY DECIMAL CLASSIFICATION NUMBER
Classification number 266.009
Edition information 22
Item number TEN
100 1# - MAIN ENTRY--PERSONAL NAME
Personal name Tennent, Timothy C.
9 (RLIN) 16346
245 10 - TITLE STATEMENT
Title Invitation to world missions :
Remainder of title a trinitarian missiology for the twenty-first century /
Statement of responsibility, etc. Timothy C. Tennent.
260 ## - PUBLICATION, DISTRIBUTION, ETC.
Place of publication, distribution, etc. Grand Rapids, MI :
Name of publisher, distributor, etc. Kregel Publications,
Date of publication, distribution, etc. 2010.
300 ## - PHYSICAL DESCRIPTION
Extent 559 p. ;
Dimensions 24 cm.
504 ## - BIBLIOGRAPHY, ETC. NOTE
Bibliography, etc. note Includes bibliographical references (p. 507-529) and indexes.
505 0# - FORMATTED CONTENTS NOTE
Formatted contents note Introduction -- Section A: Megatrends that are shaping twenty-first century missions -- From moratorium and malaise to 'selah' and rebirth -- Section B: The Triune God and the Missio dei -- A trinitarian, missional theology -- A trinitarian framework for missions -- God the Father : the providential source and goal of the Missio dei -- Section A: A missional perspective on the Bible -- The God of mission reveals his plan -- The sending Father and the sent church -- Section B: Creation, revelation, and the human response to God's rule -- A trinitarian, "new creation" theology of culture -- An evangelical theology of religions -- God the Son : the redemptive embodiment of the Missio dei -- Section A: Missions history as a reflection of the incarnation -- Turning points in the history of missions before 1792 -- The "great century" of missions, 1792-1910 -- The flowering of world Christianity, 1910-present -- Section B: Cross-cultural communication as a reflection of the incarnation -- The incarnation and the translatability of the Gospel -- Access and reproducibility in missions strategy -- Reflecting the incarnation in holistic missions -- God the Holy Spirit : the empowering presence of the Missio dei -- Section A: Empowering the church to embody the presence of the future -- The Holy Spirit, the book of Acts, and the Missio dei -- The church as the embodiment of the new creation -- Section B: Missionaries as agents of suffering and heralds of the new creation -- The suffering, advancing church -- Conclusion: the church as the reflection of the trinity in the world.
650 #0 - SUBJECT ADDED ENTRY--TOPICAL TERM
Topical term or geographic name entry element Missions
General subdivision Theory.
9 (RLIN) 48
650 #0 - SUBJECT ADDED ENTRY--TOPICAL TERM
Topical term or geographic name entry element Trinity.
9 (RLIN) 7312
906 ## - LOCAL DATA ELEMENT F, LDF (RLIN)
a 7
b cbc
c orignew
d 1
e ecip
f 20
g y-gencatlg
942 ## - ADDED ENTRY ELEMENTS (KOHA)
Source of classification or shelving scheme Dewey Decimal Classification
Koha item type Books
Koha issues (borrowed), all copies 2
Holdings
Withdrawn status Lost status Source of classification or shelving scheme Damaged status Not for loan Home library Current Library Shelving location Date acquired Total checkouts Total renewals Full call number Barcode Date last seen Date last checked out Copy number Price effective from Koha item type
    Dewey Decimal Classification     GRACE BIBLE COLLEGE GRACE BIBLE COLLEGE Ministry & Mission 2023-07-31 3 1 266.009 TEN 016255 2026-02-18 2026-02-13 c.1 2023-07-31 Books
© Grace Bible College Library 2025